000 00233nam a2200097Ia 4500
001 1033845
005 20250826231716.0
008 250824s9999 xx 000 0 und d
245 0 _aGÜNLÜK 3
_cALEX HİRSCH
260 _bBETA YAYINLARI
999 _c1033845
_d1033845